000 00549nam a22001337a 4500
082 _aMSEE-5 AHM
100 _aMuhammad Zubair Ahmad
_998727
245 _aParametric analysis of joint time-frequency analysis techniques: application to non-destructive testing and optical thermometry
260 _aIslamabad
_bNUST-SEECS
_c2015
300 _a67p.
_bill.;
_eCD ROM
500 _aSupervisors: Dr. Amir Ali Khan, Dr. Rehan Hafiz, Dr. Khawar Khurshid, Dr. Valeriu Varabie
856 _uhttp://10.250.8.41:8080/xmlui/handle/123456789/9295
942 _cPR
_2ddc
999 _c13397
_d13397